000 01674cam a22003737a 4500
001 108860
005 20230410130936.0
008 101027t2007 nyu b 000 e eng d
035 _a16521188
010 _a 2010940200
020 _a9780374278373 (pbk.)
020 _a0374278377 (pbk.)
050 1 4 _aPQ 8498.32
_bV297t 2007
082 0 0 _a864
100 1 _aVargas Llosa, Mario,
_d1936-
245 1 0 _aTouchstones
_bessays on literature, art, and politics /
_cMario Vargas Llosa ; selected, edited, and translated by John King.
260 _aNew York
_bFarrar, Straus and Giroux,
_c2007.
300 _axxxii, 354 p.
_c21 cm.
546 _aTranslated into English from the original Spanish.
500 _aOriginally published London Faber and Faber, 2007.
500 _a"This volume includes the eight central articles from the Iraq Diary."--p. xxviii.
504 _aIncludes bibliographical references.
520 _aTouchstones collects Vargas Llosa's readings of seminal twentieth-century novels, from Heart of Darkness to The Tin Drum; incisive essays on political and social thinkers; and contemporary pieces on 9/11 and the immediate aftermath of the war in Iraq. --from publisher description
650 0 _aLatin American essays
_y20th century.
650 0 _aEnglish literature
_xHistory and criticism.
650 4 _aEnsayos latinoamericanos
_ySiglo xx.
650 4 _aLiteratura inglesa
_xHistoria y crítica.
600 1 0 _aVargas Llosa, Mario,
_d1936-
_xTravel
_zIraq.
700 1 _aKing, John,
_d1950-
700 1 2 _aVargas Llosa, Mario,
_d1936-
_tDiario de Irak.
_lEnglish.
_f2011.
923 _amcun copy FY12
942 _2lcc
_cbk
946 _adpf
999 _c83173
_d83173